Museo de la Casa del Boyero en Venecia de San Carlos
Guardat en:
| Autor principal: | |
|---|---|
| Altres autors: | |
| Format: | Llibre |
| Idioma: | Spanish |
| Publicat: |
[San José, Costa Rica]
2021
|
| Matèries: | |
| Etiquetes: |
Afegir etiqueta
Sense etiquetes, Sigues el primer a etiquetar aquest registre!
|
MARC
| LEADER | 00000nam a2200000Ia 4500 | ||
|---|---|---|---|
| 003 | 013497 | ||
| 005 | 20230331134541.0 | ||
| 008 | 140116s2021 cr a 000 ||spa d | ||
| 040 | |c cru CEDI | ||
| 100 | |a Lizano Paniagua, Jorge Luis, 1995- |9 306 | ||
| 245 | |a Museo de la Casa del Boyero en Venecia de San Carlos | ||
| 260 | |a [San José, Costa Rica] |c 2021 | ||
| 500 | |a Proyecto de graduación (licenciatura en arquitectura)--Universidad de Costa rica. Facultad de Ingeniería. Escuela de Arquitectura | ||
| 501 | |a Directora del Proyecto de Graduación: M.Sc. Catherine Kauffmann Incer | ||
| 610 | |x Museo de la Casa del Boyero (Costa Rica) | ||
| 650 | |x IDENTIDAD CULTURAL - VENECIA (SAN CARLOS, ALAJUELA, COSTA RICA) |x PATRIMONIO CULTURAL - PROTECCION - VENECIA (SAN CARLOS, ALAJUELA, COSTA RICA) |x DISEÑO ARQUITECTONICO |x ARQUITECTURA DE MUSEOS - DISEÑOS Y PLANOS - VENECIA (SAN CARLOS, ALAJUELA, COSTA RICA) | ||
| 700 | |9 274 |a Kauffmann Incer, Catherine, 1974- |d Directora del TFG | ||
| 942 | |c CEDI |h TFG 8648 |6 TFG_8648_000000000000000 | ||
| 999 | |c 21999 |d 21999 | ||
